| 000 | 00734nam a2200241 a 4500 | ||
|---|---|---|---|
| 001 | 62131 | ||
| 003 | BD-RjUL | ||
| 005 | 20211209081039.0 | ||
| 008 | 170123s1984 nyua 000 0 eng | ||
| 035 | _a(BD-RjUL)62256 | ||
| 040 |
_aDLC _cOU _dOCoLC _dUk _dDLC _dBD-RjUL _beng |
||
| 041 | _aeng | ||
| 082 |
_a629.8043 _bGIC 1984 _223 |
||
| 100 | 1 | 0 |
_aChatterjee, B. _9184847 |
| 245 | 1 | 0 |
_aControl system components : _ba textbook for engineering students / _cB. Chatterjee, |
| 260 |
_aNew York : _bKhanna publishers, _cc1984 |
||
| 300 |
_a70 p. : _bill. ; _c17 cm. |
||
| 504 | _aIncludes index. | ||
| 650 | 0 |
_aElectronic control. _942121 |
|
| 650 | 0 |
_aElectric controllers. _927864 |
|
| 650 | 0 |
_aServomechanisms. _939217 |
|
| 942 |
_2ddc _cBK |
||
| 999 |
_c62131 _d62131 |
||